Empowerment and Coworker Response to Leader Tactic and Organizational Hope (Record no. 313307)
[ view plain ]
| 000 -LEADER | |
|---|---|
| fixed length control field | 00427nam a2200133Ia 4500 |
| 008 - FIXED-LENGTH DATA ELEMENTS--GENERAL INFORMATION | |
| fixed length control field | 170221s9999 xx 000 0 und d |
| 100 ## - MAIN ENTRY--PERSONAL NAME | |
| Personal name | Larry D. Phillips |
| 245 ## - TITLE STATEMENT | |
| Title | Empowerment and Coworker Response to Leader Tactic and Organizational Hope |
| 245 ## - TITLE STATEMENT | |
| Statement of responsibility, etc | Larry D. Phillips |
| 260 ## - PUBLICATION, DISTRIBUTION, ETC. (IMPRINT) | |
| Date of publication, distribution, etc | 2013 |
| 300 ## - PHYSICAL DESCRIPTION | |
| Extent | 7 : |
| 650 ## - SUBJECT ADDED ENTRY--TOPICAL TERM | |
| General subdivision | Business |
| 856 ## - ELECTRONIC LOCATION AND ACCESS | |
| Uniform Resource Identifier | <a href="http://www.regent.edu/acad/global/publications/elj/vol8iss1/1ELJ-Sawyer.pdf">http://www.regent.edu/acad/global/publications/elj/vol8iss1/1ELJ-Sawyer.pdf</a> |
| Withdrawn status | Lost status | Damaged status | Home library | Current library | Date acquired | Total Checkouts | Date last seen | Price effective from | Koha item type |
|---|---|---|---|---|---|---|---|---|---|
| College Library | College Library | 02/21/2017 | 02/21/2017 | 02/21/2017 | Foreign e-journal articles |